| 000 | 00751nam a2200205 a 4500 | ||
|---|---|---|---|
| 001 | 000033295 | ||
| 003 | OSt | ||
| 005 | 20201026150805.0 | ||
| 008 | 110823s1936 dr r 000 0 spa d | ||
| 040 |
_aDO-SdBNP _bspa _cBNPHU |
||
| 082 | 4 |
_a343.056 _bR426c, 1936 |
|
| 110 | 1 |
_aRepública Dominicana _bServicio de Aduanas _958900 |
|
| 245 | 1 | 0 |
_aCartas circulares : _bnueva serie no. 1 al no. 319, período del 28 de diciembre de 1921 al 30 1936. |
| 260 |
_aSanto Domingo : _bReceptoria General de Aduanas, _c1936. |
||
| 300 |
_a1v. (con varias paginaciones) _c23 cm. |
||
| 590 | _aInventariado, 2018/BT | ||
| 650 | 4 |
_aAranceles de aduana _xLegislación _zRepública Dominicana _96956 |
|
| 910 | _aValidado. Control de calidad MFF | ||
| 942 |
_2ddc _cLBS1 |
||
| 999 |
_c32786 _d32786 |
||